Popular 21 pilots songs - Statistics

General Stats
  • This quiz has been taken 179 times
  • The average score is 5 of 15
Answer Stats
Song % Correct
Stressed out
92%
Ride
78%
Heathens
68%
Car Radio
57%
House of Gold
38%
Lane Boy
31%
Migraine
31%
Guns for Hands
26%
Doubt
24%
The Judge
23%
Goner
19%
Message Man
15%
Kitchen Sink
14%
Truce
10%
The Run and Go
2%
No matching quizzes found
Score Distribution
Percent of People with Each Score
Percentile by Number Answered
Your Score History
You have not taken this quiz